LEADER 01065nam 2200349 450 001 9910171035103321 005 20120424151723.0 035 $a(CKB)3280000000014062 035 $a(ItFiC)it 02493440 035 $a(EXLCZ)993280000000014062 100 $a20120424d2004 uy 0 101 0 $aita 200 00$aDiplomazia delle risorse $ele materie prime e il sistema internazionale nel Novecento : atti del Convegno internazionale, Urbino, 11-12 dicembre 2001 /$fa cura di Massimiliano Guderzo, Matteo Luigi Napolitano 210 $aFirenze $cPolistampa$d2004 215 $a594 p 225 0$aStoria delle relazioni internazionali ;$v6 311 $a88-8304-622-6 517 $aDiplomazia delle risorse 676 $a337 676 $a909 676 $a363 676 $a333 676 $a327 676 $a341 702 $aNapolitano$b Matteo Luigi 702 $aGuderzo$b Massimiliano 801 0$bItFiC 801 1$bItFiC 906 $aBOOK 912 $a9910171035103321 996 $aDiplomazia delle risorse$92429048 997 $aUNINA LEADER 00984nam0 2200289 450 001 9910769500003321 005 20240109074109.0 010 $a9788867643158 100 $a20240109d2023----km y0itay50 ba 101 0 $aita 102 $aIT 105 $aa 001yy 200 1 $aAbitare nella città moderna$el?edificio d?angolo in piazza Municipio di Marcello Canino (1950-1953) e la Casa Sacchi di Luigi Cosenza (1959-1964) a Napoli$fGennaro Di Costanzo, Claudia Sansò, Olga Starodubova 210 $aMelfi$cLibria$d2023 215 $a83 p.$cill.$d17 cm 225 0 $aMosaico 610 0 $aNapoli$aPatrimonio architettonico 700 1$aDi Costanzo,$bGennaro$01248007 701 1$aSansò,$bClaudia$0749647 701 1$aStarodubova,$bOlga$01460199 801 0$aIT$bUNINA$gREICAT$2UNIMARC 901 $aBK 912 $a9910769500003321 952 $aSEZ.NA A 220$b1009/2023$fFARBC 959 $aFARBC 996 $aAbitare nella città moderna$93660013 997 $aUNINA LEADER 03823nam 22007214a 450 001 9910953603803321 005 20200520144314.0 010 $a9786612269486 010 $a9781282269484 010 $a1282269488 010 $a9780299194833 010 $a0299194833 024 7 $a2027/heb06617 035 $a(CKB)1000000000473456 035 $a(dli)HEB06617 035 $a(SSID)ssj0000141082 035 $a(PQKBManifestationID)11157288 035 $a(PQKBTitleCode)TC0000141082 035 $a(PQKBWorkID)10057164 035 $a(PQKB)10736301 035 $a(MiAaPQ)EBC3444727 035 $a(OCoLC)162127661 035 $a(MdBmJHUP)muse12178 035 $a(Au-PeEL)EBL3444727 035 $a(CaPaEBR)ebr10217082 035 $a(MiU)MIU01000000000000006869447 035 $a(Perlego)4386268 035 $a(EXLCZ)991000000000473456 100 $a20030801d2004 ub 0 101 0 $aeng 135 $aurmnummmmuuuu 181 $ctxt 182 $cc 183 $acr 200 10$aDoubly chosen $eJewish identity, the Soviet intelligentsia, and the Russian Orthodox Church /$fJudith Deutsch Kornblatt 205 $a1st ed. 210 $aMadison, Wis. $cUniversity of Wisconsin Press$dc2004 215 $a1 online resource (xii, 203 p. ) 300 $aBibliographic Level Mode of Issuance: Monograph 311 08$a9780299194840 311 08$a0299194841 320 $aIncludes bibliographical references (p. 185-193) and index. 327 $aIntroduction: Russian Jewish Christians -- The Jewish question in Russia : separation of national and religious identity -- The path of faith : the sixties generation -- The path of faith : the eighties generation -- The paths diverge -- Concluding thoughts: The responsibility of chosenness. 330 8 $aDoubly Chosen provides the first detailed study of a unique cultural and religious phenomenon in post-Stalinist Russia-the conversion of thousands of Russian Jewish intellectuals to Orthodox Christianity, first in the 1960s and later in the 1980s. These time periods correspond to the decades before and after the great exodus of Jews from the Soviet Union. Judith Deutsch Kornblatt contends that the choice of baptism into the Church was an act of moral courage in the face of Soviet persecution, motivated by solidarity with the values espoused by Russian Christian dissidents and intellectuals. Oddly, as Kornblatt shows, these converts to Russian Orthodoxy began to experience their Jewishness in a new and positive way. Working primarily from oral interviews conducted in Russia, Israel, and the United States, Kornblatt underscores the conditions of Soviet life that spurred these conversions: the virtual elimination of Judaism as a viable, widely practiced religion; the transformation of Jews from a religious community to an ethnic one; a longing for spiritual values; the role of the Russian Orthodox Church as a symbol of Russian national culture; and the forging of a new Jewish identity within the context of the Soviet dissident movement. 410 0$aACLS Humanities E-Book. 606 $aJewish Christians$zSoviet Union$xHistory 606 $aJudaism$xRelations$xRusskaia pravoslavnaia tserkov$xHistory$y20th century 606 $aJews$zSoviet Union$xHistory 606 $aIntellectuals$zSoviet Union$xHistory 607 $aSoviet Union$xIntellectual life 615 0$aJewish Christians$xHistory. 615 0$aJudaism$xRelations$xRusskaia pravoslavnaia tserkov$xHistory 615 0$aJews$xHistory. 615 0$aIntellectuals$xHistory. 676 $a281.9/47/089924 700 $aKornblatt$b Judith Deutsch$01793023 801 0$bMiAaPQ 801 1$bMiAaPQ 801 2$bMiAaPQ 906 $aBOOK 912 $a9910953603803321 996 $aDoubly chosen$94332251 997 $aUNINA